000 00649nam a2200157 4500
999 _c17031
_d17031
008 220531b ||||| |||| 00| 0 eng d
022 _a0091-4169
082 _aDPer 364.05 J82 2010 vol. 100, no. 1
100 _aHasbani, Inbal.
_945294
245 _aWhen the law preserves injustice:
_bissues raised by a wrongful incarceration exception to attorney-client confidentiality/
_cInbal Hasbani.
260 _aEvanston:
_bNorthwestern University Press,
_c ©2010.
300 _av100 n1, pages 277-308;
_c25 cm.
500 _aThe Journal of Criminal Law and Criminology.
650 _aAdministration of criminal justice system.
_945295
942 _2ddc
_cPER